|
|
|
|
| LEADER |
00000nam a2200000 a 4500 |
| 001 |
vtls001106390 |
| 003 |
SK-MaSNL |
| 005 |
20260413115243.0 |
| 008 |
250414s1976 xo 0 slo |
| 015 |
|
|
|a SNBA1977
|
| 035 |
|
|
|a SNK000049232
|
| 040 |
|
|
|a SNK
|b slo
|c SNK
|e AACR2
|
| 041 |
0 |
|
|a slo
|
| 044 |
|
|
|a xo
|c SK
|
| 080 |
|
|
|a 330.322(437)(047.31)
|2 1981
|
| 100 |
1 |
|
|a Krč, Rudolf
|4 aut
|9 278579
|
| 245 |
1 |
0 |
|a Dlhodobý vývoj demografických investícií v ČSSR, ČSR a SSR
|b Výskumná práca k čiastkovej úlohe ŠPZV VIII-3-8/2. "Dlhodobé faktory rozvoja Slovenska v rámci ekonomiky ČSSR."
|c Rudolf KRČ ; Rudolf Krč
|
| 260 |
|
|
|a Bratislava
|b Ekonomický ústav SAV
|c 1976
|e Bratislava
|f Ekonomický ústav SAV
|
| 300 |
|
|
|a 93 s.
|b Tb.
|c 20 cm
|
| 366 |
|
|
|e 100 výtl.
|
| 490 |
0 |
|
|a Výskumné práce
|
| 500 |
|
|
|a Č. 3. Rad. I. Lit. 26. Res. Účelová publikácia. Rozmn. 26 zázn. lit. o knihách a zbor. v jaz. slov., čes., rus., nem. a angl.
|
| 650 |
0 |
7 |
|a [I]
|2 SNK
|9 338791
|
| 700 |
1 |
|
|a Krč, Rudolf
|4 aut
|9 278579
|
| 852 |
|
|
|a Slovenská národná knižnica
|
| 958 |
|
|
|a OND
|
| 958 |
|
|
|a NB
|
| 958 |
|
|
|a RM
|
| 999 |
|
|
|c 613123
|d 615053
|
| 952 |
|
|
|t P60, <04>, [BOOK], {604}
|a SNK
|b SNK
|y VYP
|7 0
|p 17A0265519
|o snkSD 47380 D1
|0 0
|1 0
|4 0
|d 2001-01-18
|l 0
|r 2004-12-31 00:00:00
|w 2026-02-23
|